| 000 | 00387nam a2200157Ia 4500 | ||
|---|---|---|---|
| 003 | LK-CoDNM | ||
| 005 | 20231010144256.0 | ||
| 008 | 010623t1918 xxu||||| |||| 00| 1 eng d | ||
| 040 |
_aLK-CoDNM _dLK-CoDNM _eLK-CoDNM |
||
| 041 | _aeng | ||
| 080 |
_a50 _bC11 |
||
| 245 | _aThe Diana's Ditty Box 1918 | ||
| 260 |
_bH.W.Cave Company _aColombo _c1918 |
||
| 300 | _b110P., 20 cm | ||
| 942 | _cBK | ||
| 999 |
_c89426 _d89426 |
||